[Event "Dubai op 22nd"]
[Site "Dubai"]
[Date "2022.09.04"]
[Round "9"]
[White "Gagare, Shardul"]
[Black "Mullick, Raahil"]
[Result "1-0"]
[WhiteElo "2521"]
[BlackElo "2352"]
[PlyCount "69"]
[EventDate "2022.08.27"]
[EventType "swiss"]
[EventRounds "9"]
[EventCountry "UAE"]
[SourceTitle "CBM 210 Extra"]
[Source "ChessBase"]
[SourceDate "2022.11.30"]
[SourceVersion "1"]
[SourceVersionDate "2022.11.30"]
[SourceQuality "1"]

1. c4 e5 2. g3 Nf6 3. Bg2 d5 4. cxd5 Nxd5 5. Nc3 Nb6 6. Nf3 Nc6 7. Rb1 Be6 8. 0-0 Be7 9. a3 0-0 10. b4 f6 11. d3 a5 12. b5 Nd4 13. Nd2 Qc8 14. e3 Nf5 15. Qe2 Rd8 16. Nc4 Nxc4 17. dxc4 c6 18. Na4 Rb8 19. c5 Bd5 20. Bxd5+ cxd5 21. Bd2 b6 22. Nxb6 Qxc5 23. Bxa5 Rxb6 24. Rfc1 Qd6 25. Bxb6 Qxb6 26. Rc6 Qa5 27. b6 Nd6 28. b7 Rb8 29. Ra6 Qd8 30. Qc2 Nc4 31. Qf5 g6 32. Qe6+ Kg7 33. Ra8 Bd6 34. Qxd5 Nb6 35. Rxb8 1-0

[Event "Dubai op 22nd"]
[Site "Dubai"]
[Date "2022.09.02"]
[Round "7"]
[White "Sharon, Rafael"]
[Black "Mullick, Raahil"]
[Result "0-1"]
[WhiteElo "2095"]
[BlackElo "2352"]
[PlyCount "104"]
[EventDate "2022.08.27"]
[EventType "swiss"]
[EventRounds "9"]
[EventCountry "UAE"]
[SourceTitle "CBM 210 Extra"]
[Source "ChessBase"]
[SourceDate "2022.11.30"]
[SourceVersion "1"]
[SourceVersionDate "2022.11.30"]
[SourceQuality "1"]

1. e4 c5 2. Nf3 d6 3. Bb5+ Nd7 4. d4 cxd4 5. Qxd4 a6 6. Bxd7+ Bxd7 7. Nc3 e5 8. Qd3 Rc8 9. 0-0 Be6 10. Nd5 Bxd5 11. Qxd5 Qc7 12. c3 Be7 13. Be3 Nf6 14. Qd3 d5 15. Nd2 Rd8 16. exd5 Nxd5 17. Qe2 0-0 18. Kh1 f5 19. f3 Kh8 20. Rfd1 b5 21. a4 bxa4 22. Rxa4 Nxe3 23. Qxe3 Qd7 24. Raa1 Rf6 25. Nf1 Qxd1 26. Rxd1 Rxd1 27. Kg1 Bd8 28. c4 Rc6 29. c5 Bf6 30. g3 e4 31. Kg2 Rd3 32. Qc1 exf3+ 33. Kh1 a5 34. Qc4 Rd1 35. h4 h6 36. Kh2 Rc8 37. c6 Rd6 38. c7 Rd7 39. Qc6 Rdxc7 40. Qxf3 Bxb2 41. Qb3 Rc2+ 42. Kh3 f4 43. Qa4 Rf2 44. Qd7 Rf8 45. Qd6 fxg3 46. Nxg3 a4 47. Ne4 R2f3+ 48. Kg2 a3 49. Qd5 R3f5 50. Qb3 Rf4 51. Qb4 Re8 52. Qc4 Rfxe4 0-1

[Event "Abu Dhabi Masters 28th"]
[Site "Abu Dhabi"]
[Date "2022.08.24"]
[Round "8"]
[White "Mullick, Raahil"]
[Black "Sharan, Rao"]
[Result "1-0"]
[WhiteElo "2352"]
[BlackElo "2292"]
[PlyCount "77"]
[EventDate "2022.08.17"]
[EventType "swiss"]
[EventRounds "9"]
[EventCountry "UAE"]
[SourceTitle "CBM 209 Extra"]
[Source "ChessBase"]
[SourceDate "2022.09.30"]
[SourceVersion "1"]
[SourceVersionDate "2022.09.30"]
[SourceQuality "1"]

1. e4 e6 2. d4 d5 3. Nc3 Nf6 4. e5 Nfd7 5. f4 c5 6. Nf3 Nc6 7. Be3 Be7 8. Qd2 a6 9. a3 b5 10. Bd3 Qc7 11. 0-0 0-0 12. Qf2 cxd4 13. Nxd4 Nxd4 14. Bxd4 Bb7 15. Rae1 Bc5 16. Ne2 f5 17. g4 fxg4 18. Qh4 g6 19. Qxg4 Qb6 20. c3 Rf7 21. h4 Kh8 22. Kh1 Bxd4 23. cxd4 b4 24. Rf3 Raf8 25. Rh3 a5 26. h5 g5 27. Qxg5 Rg8 28. Qh4 Ba6 29. Bg6 Rff8 30. f5 exf5 31. Nf4 Qxd4 32. Qe7 Rg7 33. Qxg7+ Kxg7 34. Ne6+ Kg8 35. Nxd4 hxg6 36. hxg6 Re8 37. Nxf5 Rxe5 38. Rxe5 Nxe5 39. Ne7+ 1-0

[Event "Abu Dhabi Masters 28th"]
[Site "Abu Dhabi"]
[Date "2022.08.19"]
[Round "4"]
[White "Mullick, Raahil"]
[Black "Gupta, Abhijeet"]
[Result "0-1"]
[WhiteElo "2352"]
[BlackElo "2631"]
[PlyCount "94"]
[EventDate "2022.08.17"]
[EventType "swiss"]
[EventRounds "9"]
[EventCountry "UAE"]
[SourceTitle "CBM 209 Extra"]
[Source "ChessBase"]
[SourceDate "2022.09.30"]
[SourceVersion "1"]
[SourceVersionDate "2022.09.30"]
[SourceQuality "1"]

1. e4 c5 2. Nf3 d6 3. d4 cxd4 4. Nxd4 Nf6 5. Nc3 a6 6. Be3 e5 7. Nb3 Be6 8. f3 h5 9. Nd5 Bxd5 10. exd5 Nbd7 11. Qd2 g6 12. Be2 Bg7 13. 0-0 b6 14. c4 0-0 15. Rad1 Re8 16. Kh1 a5 17. Na1 Nc5 18. Nc2 Qd7 19. h3 Kh7 20. Na3 h4 21. Bg5 Nh5 22. Bxh4 Rh8 23. Rfe1 Kg8 24. Bf1 Re8 25. Nb5 Bh6 26. Bg5 Bxg5 27. Qxg5 Kg7 28. b3 Nf4 29. Kg1 Rh5 30. Qg4 Qd8 31. Kh1 Rg5 32. Qh4 Nxh3 33. gxh3 Rg1+ 34. Kxg1 Qxh4 35. Nxd6 Rh8 36. Ne4 Nd7 37. Bg2 f5 38. Nf2 Qg3 39. Kf1 Nf6 40. Rd2 Nh5 41. Nd3 Qg5 42. Rf2 e4 43. fxe4 fxe4 44. Nc1 e3 45. Rc2 Qg3 46. Nd3 Rf8+ 47. Kg1 Nf4 0-1

[Event "Pardubice Czech op-A 33rd"]
[Site "Pardubice"]
[Date "2022.07.29"]
[Round "8"]
[White "Mullick, Raahil"]
[Black "Akesson, Ralf"]
[Result "0-1"]
[WhiteElo "2237"]
[BlackElo "2427"]
[PlyCount "162"]
[EventDate "2022.07.22"]
[EventType "swiss"]
[EventRounds "9"]
[EventCountry "CZE"]
[SourceTitle "CBM 209 Extra"]
[Source "ChessBase"]
[SourceDate "2022.09.30"]
[SourceVersion "1"]
[SourceVersionDate "2022.09.30"]
[SourceQuality "1"]

1. e4 c6 2. d4 d5 3. e5 Bf5 4. h4 h5 5. Bd3 Bxd3 6. Qxd3 e6 7. Bg5 Ne7 8. Nd2 Nd7 9. Ngf3 Qc7 10. c4 dxc4 11. Nxc4 Nd5 12. 0-0 N7b6 13. Ncd2 f6 14. Be3 Qf7 15. Ne4 Be7 16. Rac1 Rd8 17. Nc5 Bxc5 18. dxc5 Nc8 19. exf6 gxf6 20. Nd4 Nce7 21. Qe4 e5 22. Nf5 Nxf5 23. Qxf5 Rg8 24. Rfe1 Ne7 25. Qf3 Rg4 26. Rcd1 Rd5 27. g3 Qg6 28. Kf1 Kf7 29. Rd2 Ke6 30. Bf4 Rxd2 31. Bxd2 Qc2 32. Bc3 Qf5 33. Qxf5+ Kxf5 34. Rd1 Nd5 35. Bd2 Ra4 36. a3 Kg4 37. Ke2 Re4+ 38. Kf1 Rd4 39. Ke2 e4 40. Rc1 f5 41. Bg5 Rd3 42. Rc4 Kh3 43. Rc2 Kg2 44. Rd2 Rb3 45. Rc2 Rf3 46. Ke1 a6 47. Rd2 Kg1 48. Re2 Kh2 49. Rd2 Kg2 50. Rc2 Rd3 51. Ke2 Kh3 52. Rd2 Rb3 53. Kf1 Kg4 54. Ke2 f4 55. gxf4 Nxf4+ 56. Bxf4 Kxf4 57. Rc2 Kg4 58. Rd2 Kxh4 59. Rd4 Kg5 60. Rxe4 h4 61. Re7 h3 62. Kf1 Rxb2 63. Rh7 Rb1+ 64. Ke2 Rb3 65. a4 a5 66. f3 Rb2+ 67. Ke3 h2 68. Rh8 Kf5 69. Rh5+ Kg6 70. Rh8 Ra2 71. Rh3 Kg5 72. Rh8 Ra3+ 73. Kf2 Rxa4 74. Kg3 Ra2 75. f4+ Kg6 76. Kg4 Rg2+ 77. Kf3 Rc2 78. Kg4 a4 79. f5+ Kg7 80. Rh3 a3 81. Kg5 Rg2+ 0-1

[Event "Pardubice Czech op-A 33rd"]
[Site "Pardubice"]
[Date "2022.07.28"]
[Round "7"]
[White "Butkiewicz, Lukasz"]
[Black "Mullick, Raahil"]
[Result "1/2-1/2"]
[WhiteElo "2370"]
[BlackElo "2237"]
[PlyCount "88"]
[EventDate "2022.07.22"]
[EventType "swiss"]
[EventRounds "9"]
[EventCountry "CZE"]
[SourceTitle "CBM 209 Extra"]
[Source "ChessBase"]
[SourceDate "2022.09.30"]
[SourceVersion "1"]
[SourceVersionDate "2022.09.30"]
[SourceQuality "1"]

1. d4 d5 2. c4 c6 3. Nf3 Nf6 4. Nc3 dxc4 5. a4 Bf5 6. Ne5 Nbd7 7. Nxc4 Nb6 8. Ne5 a5 9. e3 h6 10. f3 e6 11. e4 Bh7 12. Be3 Nfd7 13. Nxd7 Nxd7 14. Qb3 Bb4 15. Be2 0-0 16. 0-0 e5 17. dxe5 Nxe5 18. f4 Nd7 19. Rad1 Qe7 20. e5 Nc5 21. Bxc5 Bxc5+ 22. Kh1 Rad8 23. Qc4 Kh8 24. Bf3 Bf5 25. Ne4 Bb4 26. Qe2 Be6 27. Qc2 Rxd1 28. Rxd1 Rd8 29. Rd3 Bf5 30. g4 Be6 31. Qd1 Rxd3 32. Qxd3 Qh4 33. Qe2 Bb3 34. Nd6 Qe7 35. Qd3 Bxa4 36. b3 Bb5 37. Nxb5 cxb5 38. Qxb5 Qc7 39. Qxb7 Qc1+ 40. Kg2 Qd2+ 41. Kh3 Qxf4 42. Qc8+ Kh7 43. Qf5+ Qxf5 44. gxf5 f6 1/2-1/2

[Event "Pardubice Czech op-A 33rd"]
[Site "Pardubice"]
[Date "2022.07.23"]
[Round "2"]
[White "Mullick, Raahil"]
[Black "Finek, Vaclav"]
[Result "1-0"]
[WhiteElo "2237"]
[BlackElo "2393"]
[PlyCount "145"]
[EventDate "2022.07.22"]
[EventType "swiss"]
[EventRounds "9"]
[EventCountry "CZE"]
[SourceTitle "CBM 209 Extra"]
[Source "ChessBase"]
[SourceDate "2022.09.30"]
[SourceVersion "1"]
[SourceVersionDate "2022.09.30"]
[SourceQuality "1"]

1. e4 c5 2. Nf3 g6 3. d4 cxd4 4. Nxd4 Bg7 5. Nc3 Nc6 6. Be3 Nf6 7. Bc4 Qa5 8. 0-0 0-0 9. Bb3 d6 10. h3 Bd7 11. Re1 Rfc8 12. f4 Nxd4 13. Bxd4 Bc6 14. Qd2 b5 15. Rad1 b4 16. Nd5 Bxd5 17. exd5 Rc7 18. Re2 Qb5 19. Rde1 a5 20. a4 bxa3 21. bxa3 a4 22. Ba2 Nh5 23. Rxe7 Bxd4+ 24. Qxd4 Rxc2 25. Bb1 Rc4 26. Bd3 Rxd4 27. Bxb5 Nf6 28. Bc6 Rb8 29. f5 Rb2 30. R1e2 Rxe2 31. Rxe2 Ne4 32. fxg6 hxg6 33. Rb2 Kg7 34. Rb7 Nc5 35. Ra7 Re4 36. Kf2 Kf6 37. Kf3 g5 38. g3 Rc4 39. Be8 Rc3+ 40. Kg4 Rxa3 41. Rxf7+ Ke5 42. h4 Ne4 43. Re7+ Kd4 44. hxg5 Re3 45. Kf4 a3 46. g6 a2 47. Ra7 Nc3 48. Bf7 Re7 49. Ra5 Kc4 50. Kg4 Kb3 51. g7 Re4+ 52. Kf5 Ra4 53. Rxa4 Nxa4 54. g8Q a1Q 55. Qb8+ Kc4 56. Qxd6 Qb1+ 57. Kg5 Nc5 58. Qf4+ Kc3 59. Qe5+ Kc4 60. d6+ Kb5 61. Be8+ Kb6 62. d7 Qc1+ 63. Kg6 Qc2+ 64. Kg7 Qd3 65. Qf6+ Kc7 66. Qf4+ Kb7 67. Qb4+ Ka8 68. Qxc5 Qxg3+ 69. Bg6 Qc7 70. Qe7 Qc3+ 71. Kg8 Qb3+ 72. Qf7 Qb6 73. Be4+ 1-0

[Event "Piestany Slovakia op-A"]
[Site "Piestany"]
[Date "2022.07.12"]
[Round "2"]
[White "Mullick, Raahil"]
[Black "Dixit, Nikhil"]
[Result "1/2-1/2"]
[WhiteElo "2237"]
[BlackElo "2325"]
[PlyCount "89"]
[EventDate "2022.07.11"]
[EventType "swiss"]
[EventRounds "9"]
[EventCountry "SVK"]
[SourceTitle "CBM 209 Extra"]
[Source "ChessBase"]
[SourceDate "2022.09.30"]
[SourceVersion "1"]
[SourceVersionDate "2022.09.30"]
[SourceQuality "1"]

1. e4 e6 2. d4 d5 3. Nc3 Nf6 4. e5 Nfd7 5. f4 c5 6. Nf3 Nc6 7. Be3 a6 8. Qd2 b5 9. a3 Qa5 10. dxc5 Bxc5 11. Bxc5 Nxc5 12. Nd4 Qb6 13. Nxc6 Qxc6 14. h4 Bb7 15. Rh3 0-0 16. 0-0-0 Qb6 17. Qd4 Rfc8 18. h5 Bc6 19. f5 Nd7 20. fxe6 fxe6 21. Qg4 Re8 22. h6 g6 23. Qg5 Qd8 24. Qe3 Qb8 25. Rh5 Rf8 26. Rg5 Qa7 27. Qg3 Kh8 28. Ne2 Nc5 29. Nc3 Rab8 30. b4 Ne4 31. Nxe4 dxe4 32. Rg4 a5 33. Qc3 Rbc8 34. Rg3 Bd5 35. Qe3 Qc7 36. c3 axb4 37. axb4 Ra8 38. Bxb5 Ra2 39. Rd2 Ra1+ 40. Kb2 Rfa8 41. Rxd5 exd5 42. Qd4 R8a2+ 43. Kb3 Ra3+ 44. Kb2 R3a2+ 45. Kb3 1/2-1/2

[Event "Novi Sad Serbia op-A"]
[Site "Novi Sad"]
[Date "2022.07.02"]
[Round "5"]
[White "Saric, Sinisa"]
[Black "Mullick, Raahil"]
[Result "0-1"]
[WhiteElo "2403"]
[BlackElo "2237"]
[PlyCount "134"]
[EventDate "2022.06.28"]
[EventType "swiss"]
[EventRounds "9"]
[EventCountry "SRB"]
[SourceTitle "EXT 2023"]
[Source "ChessBase"]
[SourceDate "2022.10.05"]
[SourceVersion "1"]
[SourceVersionDate "2022.10.05"]
[SourceQuality "1"]

1. d4 Nf6 2. c4 g6 3. Nc3 d5 4. cxd5 Nxd5 5. e4 Nxc3 6. bxc3 Bg7 7. Nf3 c5 8. Be3 Qa5 9. Qd2 Nc6 10. Rb1 a6 11. Rc1 Bg4 12. d5 Rd8 13. Be2 0-0 14. 0-0 e6 15. Bg5 Rd7 16. Qf4 Bxf3 17. dxc6 Bxe2 18. cxd7 f6 19. Rfd1 Bxd1 20. Rxd1 Qd8 21. Bh6 g5 22. Qd6 Bxh6 23. Qxe6+ Rf7 24. Qe8+ Rf8 25. Qe6+ Rf7 26. Rd5 Bg7 27. Qe8+ Rf8 28. Qe6+ Rf7 29. g4 b5 30. Qe8+ Rf8 31. Qe6+ Rf7 32. Qxa6 Bf8 33. Qc8 Be7 34. Rxc5 Rf8 35. Rc6 Kf7 36. Kg2 Qa5 37. Ra6 Qd8 38. Ra8 Kg7 39. h3 h5 40. Kf1 hxg4 41. hxg4 Rh8 42. Ke2 Rf8 43. Kd3 Kh7 44. a3 Kg7 45. Rb8 Rh8 46. c4 bxc4+ 47. Kxc4 Qg8+ 48. Qxg8+ Rxg8 49. Rxg8+ Kxg8 50. a4 Bd8 51. Kd5 Kf7 52. Kd6 Ba5 53. e5 fxe5 54. Kxe5 Ke7 55. f4 Bc7+ 56. Kd5 Bxf4 57. Kc6 Bd2 58. Kc7 Ba5+ 59. Kc6 Bd8 60. Kb5 Kxd7 61. a5 Bxa5 62. Kxa5 Kd6 63. Kb4 Ke5 64. Kc3 Kf4 65. Kd3 Kxg4 66. Ke2 Kg3 67. Kf1 Kh3 0-1

[Event "Cattolica Vergani Cup"]
[Site "Cattolica"]
[Date "2021.12.29"]
[Round "7"]
[White "Mullick, Raahil"]
[Black "Woelk, Tom Frederic"]
[Result "1/2-1/2"]
[WhiteElo "2323"]
[BlackElo "2310"]
[PlyCount "128"]
[EventDate "2021.12.26"]
[EventType "swiss"]
[EventRounds "9"]
[EventCountry "ITA"]
[SourceTitle "CBM 206 Extra"]
[Source "ChessBase"]
[SourceDate "2022.03.31"]
[SourceVersion "1"]
[SourceVersionDate "2022.03.31"]
[SourceQuality "1"]

1. e4 c5 2. Nf3 e6 3. d4 cxd4 4. Nxd4 Nc6 5. Nc3 Qc7 6. Be3 a6 7. Qd2 Nf6 8. 0-0-0 Be7 9. f3 b5 10. Kb1 Bb7 11. g4 Nxd4 12. Bxd4 0-0 13. h4 b4 14. Na4 d5 15. Nb6 e5 16. Nxa8 Rxa8 17. g5 Nh5 18. Be3 dxe4 19. Qd7 Rc8 20. Qxc7 Rxc7 21. fxe4 Ng3 22. Rh2 Nxf1 23. Rxf1 Bxe4 24. Bb6 Rc4 25. b3 Rc6 26. Re1 f5 27. gxf6 gxf6 28. Rxe4 Rxb6 29. c3 bxc3 30. Kc2 Bb4 31. Rf2 a5 32. Rc4 Kg7 33. Rc7+ Kh6 34. Kd3 Rd6+ 35. Ke4 Rd4+ 36. Kf5 Rd2 37. Rf1 Rxa2 38. Kxf6 e4 39. Ke5 e3 40. Rf6+ Kh5 41. Rxh7+ Kg4 42. Rg7+ Kh3 43. Rf3+ Kh2 44. Rxe3 Rd2 45. Ke4 Rd6 46. Rc7 Rh6 47. Kd3 Rxh4 48. Re2+ Kh3 49. Rf7 Rg4 50. Rh7+ Kg3 51. Rh1 Rf4 52. Rg1+ Kf3 53. Rf1+ Kg4 54. Rg2+ Kf5 55. Rxf4+ Kxf4 56. Re2 Kf5 57. Re4 Kf6 58. Kc2 Kf5 59. Re3 Kf4 60. Rxc3 Bxc3 61. Kxc3 Ke3 62. Kc4 Kd2 63. Kb5 Kc3 64. Kxa5 Kxb3 1/2-1/2

[Event "Cattolica Vergani Cup"]
[Site "Cattolica"]
[Date "2021.12.28"]
[Round "4"]
[White "Palchuk, Andrii"]
[Black "Mullick, Raahil"]
[Result "1/2-1/2"]
[WhiteElo "2242"]
[BlackElo "2323"]
[PlyCount "34"]
[EventDate "2021.12.26"]
[EventType "swiss"]
[EventRounds "9"]
[EventCountry "ITA"]
[SourceTitle "CBM 206 Extra"]
[Source "ChessBase"]
[SourceDate "2022.03.31"]
[SourceVersion "1"]
[SourceVersionDate "2022.03.31"]
[SourceQuality "1"]

1. d4 d5 2. c4 c6 3. Nf3 Nf6 4. e3 Bg4 5. h3 Bxf3 6. Qxf3 e6 7. Bd3 Nbd7 8. Nc3 Bd6 9. 0-0 0-0 10. e4 e5 11. exd5 exd4 12. Ne4 Be5 13. dxc6 bxc6 14. Re1 Rb8 15. b3 Re8 16. Bg5 Qc7 17. Kf1 c5 1/2-1/2

[Event "Sitges Sunway op 8th"]
[Site "Sitges"]
[Date "2021.12.21"]
[Round "8"]
[White "Ezquerro Luque, Albert"]
[Black "Mullick, Raahil"]
[Result "0-1"]
[WhiteElo "2112"]
[BlackElo "2323"]
[PlyCount "44"]
[EventDate "2021.12.13"]
[EventType "swiss"]
[EventRounds "10"]
[EventCountry "ESP"]
[SourceTitle "CBM 205 Extra"]
[Source "ChessBase"]
[SourceDate "2022.01.31"]
[SourceVersion "1"]
[SourceVersionDate "2022.01.31"]
[SourceQuality "1"]

1. e4 c5 2. Nc3 d6 3. f4 Nc6 4. Nf3 g6 5. Bb5 Bd7 6. 0-0 Bg7 7. d3 e6 8. Bxc6 Bxc6 9. f5 gxf5 10. exf5 Qd7 11. fxe6 fxe6 12. Ng5 0-0-0 13. Nf7 Bd4+ 14. Kh1 Nf6 15. Nxd8 Rxd8 16. Qe2 Bxc3 17. bxc3 Rg8 18. Rg1 e5 19. Qe3 Nh5 20. h3 Ng3+ 21. Qxg3 Rxg3 22. Kh2 Qg7 0-1

[Event "Sitges Sunway op 8th"]
[Site "Sitges"]
[Date "2021.12.19"]
[Round "6"]
[White "Chitlange, Sakshi"]
[Black "Mullick, Raahil"]
[Result "1-0"]
[WhiteElo "2132"]
[BlackElo "2323"]
[PlyCount "79"]
[EventDate "2021.12.13"]
[EventType "swiss"]
[EventRounds "10"]
[EventCountry "ESP"]
[SourceTitle "CBM 205 Extra"]
[Source "ChessBase"]
[SourceDate "2022.01.31"]
[SourceVersion "1"]
[SourceVersionDate "2022.01.31"]
[SourceQuality "1"]

1. d4 d5 2. c4 c6 3. cxd5 cxd5 4. Bf4 Nf6 5. e3 Nc6 6. Nc3 a6 7. Be2 e6 8. Nf3 Be7 9. Ne5 0-0 10. 0-0 Bd7 11. Rc1 b5 12. Nxc6 Bxc6 13. Na4 Rc8 14. Nc5 Qa5 15. a3 Ne4 16. Qd3 Nxc5 17. dxc5 Bf6 18. b4 Qd8 19. Bd6 Re8 20. Bf3 a5 21. a4 Qd7 22. Be2 axb4 23. axb5 Ba8 24. f4 Bc3 25. Bd1 f5 26. Be2 Red8 27. Be5 d4 28. c6 Qa7 29. Qc4 Rd5 30. Bxd4 Bxd4 31. exd4 Qa3 32. Qd3 Qxd3 33. Bxd3 Rxd4 34. Be2 Rd2 35. Bf3 b3 36. Rb1 Rd3 37. Rfc1 Kf7 38. b6 Rxf3 39. gxf3 Bxc6 40. Rxb3 1-0

[Event "Sitges Sunway op 8th"]
[Site "Sitges"]
[Date "2021.12.17"]
[Round "5"]
[White "Mullick, Raahil"]
[Black "Heredia Serrano, Carla Sofia"]
[Result "1/2-1/2"]
[WhiteElo "2323"]
[BlackElo "2121"]
[PlyCount "91"]
[EventDate "2021.12.13"]
[EventType "swiss"]
[EventRounds "10"]
[EventCountry "ESP"]
[SourceTitle "CBM 205 Extra"]
[Source "ChessBase"]
[SourceDate "2022.01.31"]
[SourceVersion "1"]
[SourceVersionDate "2022.01.31"]
[SourceQuality "1"]

1. e4 c6 2. d4 d5 3. e5 c5 4. Nf3 cxd4 5. Nxd4 Nc6 6. Nxc6 bxc6 7. Bd3 e6 8. 0-0 Ne7 9. Be3 Ng6 10. f4 Be7 11. c3 c5 12. Nd2 Rb8 13. Rb1 0-0 14. Nf3 Qa5 15. a3 Rd8 16. h4 d4 17. cxd4 cxd4 18. Bd2 Qd5 19. h5 Nh4 20. Nxh4 Bxh4 21. Bb4 a5 22. Qg4 axb4 23. Qxh4 h6 24. Rf3 Kh8 25. Rg3 Rg8 26. a4 Bb7 27. Qe7 Rgf8 28. Rc1 Rbe8 29. Qxb4 Rb8 30. Qe7 Rbe8 31. Qb4 Rb8 32. Rc5 Qd8 33. Rb5 Bc6 34. Rxb8 Qxb8 35. Qxd4 Rd8 36. Qc4 Qa7+ 37. Kh2 Qxa4 38. b4 Rc8 39. Qc5 Qd1 40. Rh3 Qd2 41. Rg3 Qxf4 42. Ba6 Qh4+ 43. Rh3 Qf4+ 44. Rg3 Qh4+ 45. Rh3 Qf4+ 46. Rg3 1/2-1/2

[Event "Paracin Summer op 14th"]
[Site "Paracin"]
[Date "2021.07.15"]
[Round "8"]
[White "Ivanovic, Marko"]
[Black "Mullick, Raahil"]
[Result "1-0"]
[WhiteElo "2245"]
[BlackElo "2386"]
[PlyCount "81"]
[EventDate "2021.07.09"]
[EventType "swiss"]
[EventRounds "9"]
[EventCountry "SRB"]
[SourceTitle "EXT 2022"]
[Source "ChessBase"]
[SourceDate "2021.10.06"]
[SourceVersion "1"]
[SourceVersionDate "2021.10.06"]
[SourceQuality "1"]

1. e4 c5 2. Nf3 d6 3. d4 Nf6 4. Nc3 cxd4 5. Nxd4 a6 6. Bg5 e6 7. f4 h6 8. Bh4 Qb6 9. a3 Be7 10. Bf2 Qc7 11. Qf3 Nbd7 12. 0-0-0 b5 13. g4 g5 14. h4 gxf4 15. Be2 h5 16. g5 Ng4 17. Qxf4 e5 18. Nd5 Qc5 19. Qf3 Nxf2 20. b4 Qa7 21. Nc6 Qb7 22. Na5 Qa7 23. Rhf1 Nb8 24. Rxf2 Be6 25. Nf6+ Kf8 26. Nxh5 Rg8 27. Ng3 Qc7 28. Nf5 Nd7 29. Nh6 Rc8 30. Bd3 Rg7 31. Qh5 Qc3 32. Nxf7 Bxf7 33. Rxf7+ Kg8 34. Rxg7+ Kxg7 35. Rf1 Rf8 36. Qh6+ Kg8 37. Qe6+ Kh8 38. Rxf8+ Nxf8 39. Qxe7 Qxa3+ 40. Kd1 Kg8 41. Qxd6 1-0

[Event "Paracin Summer op 14th"]
[Site "Paracin"]
[Date "2021.07.10"]
[Round "3"]
[White "Mullick, Raahil"]
[Black "Maksimenko, Viktor"]
[Result "1-0"]
[WhiteElo "2386"]
[BlackElo "2239"]
[PlyCount "45"]
[EventDate "2021.07.09"]
[EventType "swiss"]
[EventRounds "9"]
[EventCountry "SRB"]
[SourceTitle "EXT 2022"]
[Source "ChessBase"]
[SourceDate "2021.10.06"]
[SourceVersion "1"]
[SourceVersionDate "2021.10.06"]
[SourceQuality "1"]

1. e4 d6 2. d4 Nf6 3. Nc3 e5 4. Nf3 Nbd7 5. Be2 Be7 6. 0-0 0-0 7. Re1 c6 8. Bf1 Qc7 9. a4 a5 10. b3 Re8 11. Ba3 Bf8 12. Qd2 exd4 13. Nxd4 Nc5 14. f3 b6 15. Rad1 Bb7 16. Nf5 Rad8 17. Bb2 Bc8 18. Qg5 Ne6 19. Qh4 Nc5 20. Ne2 Nfxe4 21. fxe4 Rxe4 22. Nh6+ Kh8 23. Qxd8 1-0

[Event "Paracin Summer op 14th"]
[Site "Paracin"]
[Date "2021.07.09"]
[Round "1"]
[White "Mullick, Raahil"]
[Black "Skonnord, Uno"]
[Result "1/2-1/2"]
[WhiteElo "2386"]
[BlackElo "2112"]
[PlyCount "71"]
[EventDate "2021.07.09"]
[EventType "swiss"]
[EventRounds "9"]
[EventCountry "SRB"]
[SourceTitle "EXT 2022"]
[Source "ChessBase"]
[SourceDate "2021.10.06"]
[SourceVersion "1"]
[SourceVersionDate "2021.10.06"]
[SourceQuality "1"]

1. e4 c5 2. Nf3 g6 3. d4 cxd4 4. Nxd4 Bg7 5. Nc3 Nc6 6. Be3 Nf6 7. Bc4 0-0 8. f3 Qb6 9. Bb3 Nxe4 10. Nd5 Qa5+ 11. c3 Nc5 12. Nxc6 dxc6 13. Nxe7+ Kh8 14. Nxc8 Raxc8 15. 0-0 Rfe8 16. Bf2 Rcd8 17. Qc2 Qb5 18. Bxf7 Re2 19. c4 Rxc2 20. cxb5 Bxb2 21. Rab1 Rdd2 22. bxc6 bxc6 23. Rbd1 Re2 24. Bb3 Nxb3 25. axb3 c5 26. Rd8+ Kg7 27. Rd7+ Kf8 28. Bg3 Bd4+ 29. Kh1 h5 30. b4 Rxg2 31. bxc5 Bxc5 32. Rfd1 h4 33. Rh7 Rcd2 34. Rb1 Rb2 35. Rd1 Rbd2 36. Rb1 1/2-1/2

[Event "Belgrade Serbia op"]
[Site "Belgrade"]
[Date "2021.07.08"]
[Round "9"]
[White "Dragnev, Valentin"]
[Black "Mullick, Raahil"]
[Result "1/2-1/2"]
[WhiteElo "2569"]
[BlackElo "2386"]
[PlyCount "111"]
[EventDate "2021.07.02"]
[EventType "swiss"]
[EventRounds "9"]
[EventCountry "SRB"]
[SourceTitle "CBM 203 Extra"]
[Source "ChessBase"]
[SourceDate "2021.09.30"]
[SourceVersion "1"]
[SourceVersionDate "2021.09.30"]
[SourceQuality "1"]

1. e4 e5 2. Nf3 Nc6 3. Bb5 Nf6 4. 0-0 Nxe4 5. Re1 Nd6 6. Nxe5 Be7 7. Bf1 Nf5 8. Nf3 d5 9. d4 0-0 10. Nc3 Bf6 11. Ne2 Re8 12. c3 g6 13. g3 Nfe7 14. Nf4 Bf5 15. Ne5 h5 16. Bg2 Nxe5 17. dxe5 Bg7 18. e6 c6 19. exf7+ Kxf7 20. Nd3 Ng8 21. Rxe8 Qxe8 22. Bf4 Nf6 23. Qf1 Qe6 24. Ne5+ Kg8 25. Nf3 Ne4 26. Nd4 Bxd4 27. cxd4 g5 28. Be3 g4 29. Re1 Rf8 30. Re2 Qg6 31. Qc1 Kh7 32. Bf4 Rf7 33. b4 Qf6 34. Qe3 Qe7 35. a3 Qe6 36. Rb2 a6 37. a4 Re7 38. Re2 Nc3 39. Re1 Qxe3 40. Rxe3 Rxe3 41. Bxe3 Nxa4 42. f3 Nb2 43. fxg4 hxg4 44. Bf1 Bd3 45. Bc1 Bxf1 46. Bxb2 Bh3 47. Kf2 Kg6 48. Ke3 Kf5 49. Bc1 Ke6 50. Kf2 Kf6 51. Ke3 Ke6 52. Kf2 Kd7 53. Bf4 b6 54. Ke3 a5 55. bxa5 bxa5 56. Bh6 1/2-1/2

[Event "Belgrade Serbia op"]
[Site "Belgrade"]
[Date "2021.07.04"]
[Round "4"]
[White "Blagojevic, Tijana"]
[Black "Mullick, Raahil"]
[Result "1/2-1/2"]
[WhiteElo "2222"]
[BlackElo "2386"]
[PlyCount "109"]
[EventDate "2021.07.02"]
[EventType "swiss"]
[EventRounds "9"]
[EventCountry "SRB"]
[SourceTitle "CBM 203 Extra"]
[Source "ChessBase"]
[SourceDate "2021.09.30"]
[SourceVersion "1"]
[SourceVersionDate "2021.09.30"]
[SourceQuality "1"]

1. e4 c5 2. Nf3 d6 3. Bb5+ Nd7 4. Ba4 Ngf6 5. 0-0 a6 6. c4 g6 7. Nc3 Bg7 8. d3 0-0 9. h3 b6 10. Rb1 Qc7 11. Nd5 Nxd5 12. exd5 b5 13. Bc2 Nb6 14. b3 Bb7 15. Bb2 Bxb2 16. Rxb2 e6 17. dxe6 fxe6 18. Ng5 Qe7 19. Qg4 e5 20. Bd1 Rf4 21. Qe6+ Qxe6 22. Nxe6 Rf6 23. Ng5 h6 24. Nf3 Rf4 25. b4 e4 26. bxc5 dxc5 27. dxe4 Nxc4 28. Bb3 Bxe4 29. Ne5 Kg7 30. Nxc4 bxc4 31. Bxc4 Bxg2 32. Kxg2 Rxc4 33. Rb7+ Kf6 34. Rd1 Rd4 35. Rb6+ Kf5 36. Rxd4 cxd4 37. Kf1 Ke4 38. Ke2 Rc8 39. Re6+ Kf5 40. Rxa6 Rc2+ 41. Kf3 Rc3+ 42. Ke2 Rxh3 43. Rd6 Ke4 44. Re6+ Kf5 45. Rd6 Ke4 46. Re6+ Kd5 47. Rxg6 h5 48. a4 Kc4 49. Rc6+ Kb4 50. Rd6 Kc5 51. Rh6 Ra3 52. Rxh5+ Kc4 53. f4 Ra2+ 54. Ke1 Ra1+ 55. Ke2 1/2-1/2